1605 1745 1875 1297 1877 1555 1893 1275 1128 1560 1353 1947 1248 1883 1375 1476 1286 1120 1378 1532 1924 1029 1957 1936 1442 1205 1391 1155 1363 1088 1231 1719 1785 1679 1256 1418 1298 1997 1752 1339 1427 1990 1696 1457 1181 1798 1109 1931 1355 1057 1821 1791 1923 1374 1719 1870 1258 1964 1003 1013 1966 1598 1327 1970 1138 1293 1502 1079 1872 1100 1167 1737 1829 1379 1122 1016 1202 1163 1143 1212 1158 1241 1590 1085 1774 1052 1155 1365 1491 1816 1136 1701 1446 1869 1996 1871 1586 1815 1432 BCNSPRNW ULIB Ver.6.0+V

เปลี่ยนเป็นภาษาไทย

Change to English
 แสดงรายละเอียดบรรณานุกรม
  กลับหน้าหลัก

Brief Record : Get Marc (ISO 2709) : E-mail record : QR code < ปิดหน้าต่าง
LEADER : 00000nam 2200000uu 4500
001    13399112157
003     ULIB
008    110729s2553||||th 000 0 tha d
020    9789747808216
060 04 WS 320^bป236ก 2553
100 0  ปิยะนุช จิตตนูนท์
245 10 การดูแลสุขภาพเด็กวัยเรียน :^bการจัดบริการพยาบาลในโรงเรียน/^cปิยะนุช จิตตนูนท์
250    พิมพ์ครั้งที่ 1
260    สงขลา :^bลิมบราเดอร์เพรส,^c2553
300    จ, 273 หน้า :^bภาพประกอบสี, ตาราง
504    มีบรรณานุกรมและดรรชนีประกอบ
650  2 Health^xin infancy & childhoos
710 20 มหาวิทยาลัยสงขลานครินทร์.^bคณะพยาบาลศาสตร์
945    ^p300^l0^i18455
945    ^p300^l0^i18606
945    ^p300^l0^i18729
945    ^p300^l0^i18730
995     กัณชพร
999    ^aใช้งานได้ทุกระบบ
รายการนี้ยังไม่มีแท็ก
คุณยังไม่ได้ล็อกอิน คุณสามารถมีกิจกรรมร่วมกับเว็บไซต์ได้ แต่ต้องล็อกอินก่อน ::
  ล็อกอิน

รายการสื่อสารสนเทศ

ลำดับที่ ประเภท เลขเรียก/บาร์โค้ด สถานที่ สถานะ
1. วิทยาศาสตร์การแพทย์ และสุขภาพ
หนังสือสำรอง
สถานะ=หนังสือสำรอง
WS 320 ป236ก 2553 ฉ.1 
  Barcode: 18455
ห้องสมุดวิทยาเขตนครสวรรค์
►ส่วนจัดเก็บหนังสือเก่า นว.
บนชั้น
  ขอยืม
2. วิทยาศาสตร์การแพทย์ และสุขภาพ
วิทยาศาสตร์การแพทย์ และสุขภาพ
WS 320 ป236ก 2553 ฉ.2 
  Barcode: 18606
ห้องสมุดวิทยาเขตนครสวรรค์
►ส่วนจัดเก็บหนังสือเก่า นว.
บนชั้น
  ขอยืม
3. วิทยาศาสตร์การแพทย์ และสุขภาพ
วิทยาศาสตร์การแพทย์ และสุขภาพ
WS 320 ป236ก 2553 ฉ.3 
  Barcode: 18729
ห้องสมุดวิทยาเขตนครสวรรค์
►ส่วนจัดเก็บหนังสือเก่า นว.
บนชั้น
  ขอยืม
4. วิทยาศาสตร์การแพทย์ และสุขภาพ
วิทยาศาสตร์การแพทย์ และสุขภาพ
WS 320 ป236ก 2553 ฉ.4 
  Barcode: 18730
ห้องสมุดวิทยาเขตนครสวรรค์
►ส่วนจัดเก็บหนังสือเก่า นว.
บนชั้น
  ขอยืม

รายการใกล้เคียง
    ผู้แต่ง [ปิยะนุช จิตตนูนท์]

BibComment


ยังไม่เคยถูกคอมเมนท์

คอมเมนท์ทรัพยากรรายการนี้
  คอมเมนท์: การดูแลสุขภาพเด็ก..


 Copyright 2026. Bcnsprnw @Library